000 01870nam a2200553 i 4500
001 39627
003 KOSZ 005
005 20210322140721.0
008 010207s2000 pl a |000 0 pol
015 _aUWD 2001/15585
020 _a8372421218
035 _a991015642639705066
035 _a(PL-WaBN)b14204563-48omnis_nlop
035 _ab14204563
035 _a(OCoLC)830218328
035 _a(PL)b0000001420456
035 _a(EXLNZ-48OMNIS_NETWORK)9910002133205606
040 _aWA N
_cWA N
_dKOSZ 005/HR
041 0 _apol
046 _k2000
080 _a624.01/.07
080 _a004.42
080 _a519.61/.64
080 _a517.9
080 _a(075.8)
100 1 _aRadwańska, Maria
_eAutor
245 1 0 _aMetody komputerowe w wybranych zagadnieniach mechaniki konstrukcji :
_bpodręcznik dla studentów wyższych szkół technicznych /
_cMaria Radwańska ; Politechnika Krakowska im. Tadeusza Kościuszki.
260 _aKraków :
_bPK,
_c2000.
300 _a152 s. :
_bil. ;
_c24 cm.
336 _aTekst
_btxt
_2rdacontent
337 _aBez urządzenia pośredniczącego
_bn
_2rdamedia
338 _aWolumin
_bnc
_2rdacarrier
380 _aKsiążki
380 _aPublikacje dydaktyczne
385 _mPoziom nauczania
_aSzkoły wyższe
388 _a1901-2000
388 _a1989-2000
504 _aBibliogr.
650 7 _aMathcad
_2DBN
650 7 _aMechanika budowli
_2DBN
650 7 _aMetoda elementów skończonych
_2DBN
650 7 _aMetoda różnicowa
_2DBN
655 7 _aPodręczniki akademickie
_2DBN
658 _aArchitektura i budownictwo
710 2 _aPolitechnika Krakowska im. Tadeusza Kościuszki
_4pbl
856 _uhttp://koha.tu.koszalin.pl/cgi-bin/koha/opac-detail.pl?biblionumber=39627
_yKatalog online BPK
942 _2UKD
_cKS
999 _c39627
_d39627